| 000 | 01445nam a2200397 a 4500 | ||
|---|---|---|---|
| 001 | 21875 | ||
| 003 | VRT | ||
| 005 | 20260313141236.0 | ||
| 008 | 201022s1964 xo 000 slo | ||
| 015 | _aSKSNBA1965/02-00471 | ||
| 035 | _aSK01SNK19650006291 | ||
| 035 | _aSKM000008754 | ||
| 039 | 9 |
_a202010221339 _bVLOAD _c202008210745 _dcsnkv15 _c201811280910 _dVLOAD _c201606291527 _dAUTHORITY |
|
| 040 |
_aSNK _bslo _cSNK _eAACR2 |
||
| 041 | 1 |
_aslo _hrus |
|
| 044 |
_axo _cSK |
||
| 080 |
_a882-3(087.5) _21981 |
||
| 100 | 1 |
_aČukovskij, Kornej Ivanovič, _d1882-1969 _4aut |
|
| 240 | 1 | 0 |
_aDoktor Ajbolit _lSlovensky |
| 245 | 1 | 0 |
_aDoktor Jajbolíto _cKornej Ivanovič Čukovskij ; z rus. orig. (Doktor Ajbolit ...) prel. Mária Rázusová-Martáková ; ilustr. Štefan Cpín |
| 260 |
_aBratislava _bMladé letá _c1964 _eBratislava _fPolygrafické závody 01 |
||
| 300 |
_a48, [4] s. _c8° |
||
| 490 | 1 | _aZlatý kľúčik | |
| 500 | _aFrontispice. Predsádky | ||
| 563 | _a6500 výtl. | ||
| 650 | 0 | 7 | _arozprávky autorské ruské |
| 655 | 7 |
_aumelecká literatúra _2SNKPH |
|
| 700 | 1 |
_aRázusová-Martáková, Mária, _d1905-1964 _4trl |
|
| 700 | 1 |
_aCpin, Štefan, _d1919-1971 _4ill |
|
| 730 | _aDoktor Ajbolit | ||
| 830 | 0 | _aZlatý kľúčik | |
| 910 | _akis3gmm | ||
| 942 |
_2ddc _cKLDE _n0 |
||
| 999 |
_c21875 _d21875 |
||